Piłkarze Juventusu i Ich Narodowości - Statystyki

Ogólne statystyki
  • Ten quiz został rozwiązany 558 razy
  • Średni wynik to 24 z 25
Statystyki odpowiedzi
Hint Odpowiedź % Poprawnych
Wojciech Szczęsny Polska
100%
Adrien Rabiot Francja
99%
Alvaro Morata Hiszpania
99%
Mattia Perin Włochy
99%
Carlo Pinsiglio Włochy
99%
Leonardo Bonucci Włochy
99%
Daniele Rugani Włochy
99%
Giorgio Chiellini Włochy
99%
Luca Pellegrini Włochy
99%
Mattia De Sciglio Włochy
99%
Manuel Locatelli Włochy
99%
Federico Chiesa Włochy
99%
Federico Bernardeschi Włochy
99%
Moise Kean Włochy
99%
Paulo Dybala Argentyna
98%
Alex Sandro Brazylia
98%
Danilo Brazylia
98%
Arthur Brazylia
98%
Kaio Jorge Brazylia
98%
Matthijs De Ligt Holandia
97%
Juan Cuadrado Kolumbia
93%
Weston McKennie Stany Zjednoczone
91%
Dejan Kulusevski Szwecja
89%
Aaron Ramsey Walia
88%
Rodrigo Bentancur Urugwaj
78%
Nie znaleziono quizów pasujących do podanych kryteriów
Rozkład punktacji
Procent ludzi z każdym wynikiem
Percentyl według liczby udzielonych odpowiedzi
Twoja historia wyników
Nie rozwiązałeś tego quizu